000 00863naa a2200229 i 4500
001 10636
003 ES-MaBCM
005 20241016091500.0
008 900705s1990 esp 000 0 spa d
021 _axx
035 _a(OCoLC)1365191478
040 _cES-MaBCM
041 0 _aspa
043 _aesp
130 0 _aEspaña
_955356
_t[Ley de procedimiento laboral, 1990]
245 1 0 _aReal Decreto Legislativo 521/1990, de 27 de abril, por el que se aprueba el texto articulado de la Ley de procedimiento laboral
_b: BOE núm. 105, de 2 de mayo 1990, y corrección de errores, BOE núm. 123, de 23 de mayo
650 2 7 _aDerecho procesal laboral
_958354
651 2 4 _aEspaña
_9115342
655 4 _aLegislación
_959194
773 0 _aEn:
_tBoletín de información. Ministerio de Justicia
_dMadrid : 1990
_w104250
_gnº 1562, suplemento ; p. 3-85
942 _cAREV
999 _c10636
_d10636